=LDR 00000nam 2200000 4500 =001 INLIS000000000032977 =005 20130612134946 =008 ***********************************ind** =035 ##$$0010-061300000032977 =041 ##$$a ind =082 ##$$a 028.55 =090 ##$$a 028.55, Sas p =100 ##$$a Sasongko, Setiawan G =245 ##$$a Peanut, Kacang, Setiawan G. Sasongko;Penerjemah, Diaznarrendra P; Editor, M Ihsan =260 ##$$a 2007 $b Jakarta =300 ##$$a 24 hlm, Ilus, 20 cm =650 ##$$a Bacaan Kanak-Kanak =700 ##$$a Diaznarrendra P =850 ##$$a NBPNMAT